000 01013nam a2200337 i 4500
999 _c973
_d973
001 021200243
003 UkOxU
005 20200122114407.0
008 171220r20172000enkb j |0|0 0|eng
015 _aGBB9G9021
_2bnb
016 7 _a018654008
_2Uk
020 _a9780995582125
_qpaperback
035 _a(Uk)018654008
040 _aUk
_beng
_erda
_cUk
042 _aukblsr
082 _aFIC MCN
100 1 _aMcNish, Cliff,
_eauthor.
245 1 4 _aThe doomspell /
_cCliff McNish.
264 1 _a[Camberwell, London] :
_bDoomspell Books,
_c2017.
264 4 _c©2000
300 _a212, 12 pages :
_b1 map (black and white) ;
_c20 cm.
336 _atext
_2rdacontent
337 _aunmediated
_2rdamedia
338 _avolume
_2rdacarrier
440 _aDoomspell trilogy ;
_nbook 1.
500 _aOriginally published: Great Britain : Orion Children's Books, 2000.
650 0 _aGood and evil
_vJuvenile fiction.
650 0 _aWitches
_vJuvenile fiction.
655 0 _aChildren's stories.
942 _2ddc
_cFIC